header

Page by Paige (Record no. 263503)

MARC details
000 -LEADER
fixed length control field 00224nam a22000977a 4500
020 ## - INTERNATIONAL STANDARD BOOK NUMBER
ISBN 9780810997226
100 ## - MAIN ENTRY--AUTHOR NAME
Personal name Laura Lee Gulledge.
245 ## - TITLE STATEMENT
Title Page by Paige
260 ## - PUBLICATION, DISTRIBUTION, ETC. (IMPRINT)
Place of publication New York
Name of publisher Amulet Books,
Year of publication 2011.
942 ## - ADDED ENTRY ELEMENTS (KOHA)
Koha item type Long Loan Books
Holdings
Withdrawn status Lost status Collection code Home library Current library Shelving location Date acquired Accession Number Koha item type
    Non-fiction Rongo University Library Rongo University Library Children's Area 17/04/2024 CL2021753 Long Loan Books

© 2026 Rongo University
Contact us: librarian | system librarian | Rongo university